000
00244nam a2200109Ia 4500
008
190216s9999||||xx |||||||||||||| ||und||
100
_a
Shankaran K P
245
0
_a
Navakam
260
_b
Poorna Pubs Kozhikode
650
_a
Lekhanam
942
_c
BK
999
_c
26626
_d
26626